'C' Vocabulary (Hard) Quiz Stats

Quiz Updated Dec 3, 2016

Challenge
Share
Tweet
Embed
Score 0/25 Timer 09:00
19 Plays Today
% Correct
cholera
92.7%
cobbler
92.5%
cherub
90.1%
capellino
87.5%
conjecture
87%
centimo (or céntimo)
86.5%
cache
86.4%
cajole
83.6%
castigate
83%
cephalization
81.4%
chutney
81%
clemency
80.2%
consternation
78.6%
% Correct
cathartic
77.8%
capsaicin
76.7%
chimera
76.4%
cardamom
76.2%
cull
75.2%
conciliate
74.6%
chutzpah
73.5%
callow
72.8%
ceviche
72%
celadon
67.1%
contretemps
60.2%
canopic
55.3%

You're not logged in!

Compare scores with friends on all Sporcle quizzes.
Join for Free
OR
Log In

You Might Also Like...

Show Comments

Extras

Top Quizzes Today


Score Distribution

Your Account Isn't Verified!

In order to create a playlist on Sporcle, you need to verify the email address you used during registration. Go to your Sporcle Settings to finish the process.

Report this User

Report this user for behavior that violates our Community Guidelines.

Details: